000 00511nmm a2200193Ia 4500
008 251105s9999||||xx |||||||||||||||||und||
020 _a9788415410508
041 _aspa
100 _aFoley, Gaelen
245 0 _aEl príncipe azul
264 _a[Madrid, España] :
_bTerciopelo,
_c2013
300 _a328 páginas
490 _aTerciopelo
650 _aRomance
700 _aFoley, Gaelen
700 1 _a Delgado Jiménez, Diana
856 _uhttps://public.digitaliapublishing.com/a/32317
942 _cCF
999 _c65555
_d65555